<?xml version="1.0" encoding="UTF-8"?>
<record
    xmlns:xsi="http://www.w3.org/2001/XMLSchema-instance"
    xsi:schemaLocation="http://www.loc.gov/MARC21/slim http://www.loc.gov/standards/marcxml/schema/MARC21slim.xsd"
    xmlns="http://www.loc.gov/MARC21/slim">

  <leader>01787nam a22002057a 4500</leader>
  <controlfield tag="005">20230912155022.0</controlfield>
  <controlfield tag="008">230912b           ||||| |||| 00| 0 eng d</controlfield>
  <datafield tag="020" ind1=" " ind2=" ">
    <subfield code="a">9788195895045</subfield>
  </datafield>
  <datafield tag="040" ind1=" " ind2=" ">
    <subfield code="c">AL</subfield>
  </datafield>
  <datafield tag="041" ind1=" " ind2=" ">
    <subfield code="a">eng</subfield>
  </datafield>
  <datafield tag="082" ind1=" " ind2=" ">
    <subfield code="2">23</subfield>
    <subfield code="a">658.151</subfield>
    <subfield code="b">PANF</subfield>
  </datafield>
  <datafield tag="100" ind1=" " ind2=" ">
    <subfield code="a">Fairy Panchal</subfield>
    <subfield code="9">133473</subfield>
  </datafield>
  <datafield tag="245" ind1=" " ind2=" ">
    <subfield code="a">Financial Modeling</subfield>
    <subfield code="b">: step -by-step guide to building your first financial model and value companies from scratch..</subfield>
  </datafield>
  <datafield tag="260" ind1=" " ind2=" ">
    <subfield code="b">Zebra Learn</subfield>
    <subfield code="c">2022</subfield>
  </datafield>
  <datafield tag="300" ind1=" " ind2=" ">
    <subfield code="a">261p.</subfield>
    <subfield code="b">HB</subfield>
    <subfield code="c">21x15cm.</subfield>
  </datafield>
  <datafield tag="365" ind1=" " ind2=" ">
    <subfield code="2">General</subfield>
    <subfield code="a">#INV-77677</subfield>
    <subfield code="c">&#x20B9;</subfield>
    <subfield code="d">&#x20B9;998.75</subfield>
    <subfield code="f">30/08/2023</subfield>
  </datafield>
  <datafield tag="520" ind1=" " ind2=" ">
    <subfield code="a">This book is the ultimate tool for young finance professionals &amp; aspirants looking to break into the financial industry. Financial modeling is considered one of the key skills for any finance role especially because it helps take financial decisions &amp; build strategies. Learn to build financial models from scratch with our step-by-step guide. This book is not a theory book, it's a hands-on boot camp where you work on a real company and build a real financial model as you read. Detailed instructions, downloadable templates, and embedded video course make this book beginner-friendly and 100% actionable. You start with building a solid foundation, extracting raw data &amp; understanding the balance sheet, income statement, and cash flow statements. After that, you move to such as discounted cash flow (DCF) modeling and valuation techniques - key elements of a model. This book is a must-read for young finance professionals and aspirants seeking a career in investment banking, financial analysis, and portfolio management. Boost your resume and gain a competitive edge in the industry with the skills and knowledge gained from this book.</subfield>
  </datafield>
  <datafield tag="650" ind1=" " ind2=" ">
    <subfield code="2">Financial Management</subfield>
    <subfield code="a"> Management</subfield>
    <subfield code="9">133474</subfield>
  </datafield>
  <datafield tag="942" ind1=" " ind2=" ">
    <subfield code="2">ddc</subfield>
    <subfield code="c">BK</subfield>
  </datafield>
  <datafield tag="999" ind1=" " ind2=" ">
    <subfield code="c">228771</subfield>
    <subfield code="d">228771</subfield>
  </datafield>
  <datafield tag="952" ind1=" " ind2=" ">
    <subfield code="0">0</subfield>
    <subfield code="1">0</subfield>
    <subfield code="2">ddc</subfield>
    <subfield code="4">0</subfield>
    <subfield code="7">0</subfield>
    <subfield code="8">MCOMFA</subfield>
    <subfield code="a">SACPG</subfield>
    <subfield code="b">SACPG</subfield>
    <subfield code="d">2023-09-09</subfield>
    <subfield code="e">Zebra Learn</subfield>
    <subfield code="l">1</subfield>
    <subfield code="o">658.151 PANF</subfield>
    <subfield code="p">PG024398</subfield>
    <subfield code="r">2024-02-06 00:00:00</subfield>
    <subfield code="s">2023-09-18</subfield>
    <subfield code="v">998.75</subfield>
    <subfield code="w">2023-09-12</subfield>
    <subfield code="y">BK</subfield>
  </datafield>
</record>
